|
|
|
|
| LEADER |
00000cam a2200000 a 4500 |
| 001 |
vtls011562924 |
| 003 |
SK-MaSNL |
| 005 |
20260425233323.0 |
| 008 |
240318s2016 gw n 000 0deng |
| 015 |
|
|
|a SNBZSA2016/9
|
| 020 |
|
|
|a 9783631673386
|q (brožované)
|
| 020 |
|
|
|a 9783653065862
|q (e-book)
|
| 035 |
|
|
|a 19FA7FDF-506D-4809-885E-A29BA30E6E13
|
| 035 |
|
|
|a urn:nbn:sk:snk-amlp3v
|
| 035 |
|
|
|a urn:nbn:sk:snk-am00by4o
|
| 040 |
|
|
|a SNK
|b slo
|c SNK
|e AACR2
|
| 041 |
0 |
|
|a eng
|
| 044 |
|
|
|a gw
|c DE
|
| 072 |
|
7 |
|a 101
|x Filozofia
|2 konspekt
|
| 080 |
|
|
|a 101
|2 2011
|
| 080 |
|
|
|a 304.3"15/19"
|2 2001
|
| 080 |
|
|
|a 14(091)
|2 2011
|
| 080 |
|
|
|a (048.8)
|2 2011
|
| 100 |
1 |
|
|a Démuth, Andrej,
|d 1974-
|4 aut
|9 233289
|
| 245 |
1 |
0 |
|a Prolegomena to the study of modern philosophy
|c Andrej Démuth
|
| 260 |
|
|
|a Frankfurt am Main
|b Peter Lang
|c 2016
|
| 300 |
|
|
|a 123 s.
|c 17 cm
|
| 490 |
1 |
|
|a Uni Slovakia series
|v Volume 2
|x 2366-2697
|
| 500 |
|
|
|a Krátke údaje o autorovi na konci publikácie
|
| 504 |
|
|
|a Bibliografia: s. 117-123 ; bibliografické odkazy
|
| 650 |
0 |
7 |
|a filozofia
|2 SNKPH
|9 793
|
| 650 |
0 |
7 |
|a modernizmus
|2 SNKPH
|9 15066
|
| 650 |
0 |
7 |
|a dejiny filozofie
|2 SNKPH
|9 66641
|
| 650 |
0 |
7 |
|a Philosophy
|2 SNKPHeng
|9 266492
|
| 650 |
0 |
7 |
|a Modernism
|2 SNKPHeng
|9 337043
|
| 650 |
0 |
7 |
|a History of philosophy
|2 SNKPHeng
|9 281655
|
| 655 |
|
7 |
|a monografie
|2 SNKPH
|9 70139
|
| 655 |
|
7 |
|a Monographs
|2 SNKPHeng
|9 120675
|
| 752 |
|
|
|a Nemecko
|d Frankfurt nad Mohanom
|
| 830 |
|
0 |
|a Uni Slovakia series
|9 345203
|
| 852 |
|
|
|a Štátna vedecká knižnica v Banskej Bystrici
|
| 919 |
|
|
|a 978-3-631-67338-6
|
| 919 |
|
|
|a 978-3-653-06586-2
|
| 958 |
|
|
|a NB
|
| 958 |
|
|
|a ZS
|
| 999 |
|
|
|c 762649
|d 764579
|
| 952 |
|
|
|a SNK
|b SNK
|y PREZ
|7 0
|p 17A1198596
|o snkSD 85395
|i snk2016/16491
|8 4
|g 26.66
|0 0
|1 0
|4 0
|d 2016-06-24
|f 1
|l 0
|r 2026-02-24 00:09:22
|w 2026-02-24
|
| 952 |
|
|
|a SNK
|b SNK
|y VYP
|7 0
|p 17A1217349
|o snkSD 85395 D1
|i snk2016/25865
|8 1
|0 0
|1 0
|4 0
|d 2016-11-04
|l 0
|r 2026-02-24 00:09:22
|w 2026-02-24
|